Guess the Color by Description - Statistics

General Stats
  • This quiz has been taken 37 times
  • The average score is 8 of 12
Answer Stats
Hint Answer % Correct
Sad Blue
97%
Barbie Pink
93%
Ageing Grey
87%
Communist Red
87%
Mellow Yellow
80%
Fruit Orange
77%
Inexperienced Green
67%
Truce White
67%
Willy Wonka Purple
63%
Godfather of Soul Brown
60%
Profit Black
53%
Quack quack Teal
17%
No matching quizzes found
Score Distribution
Percent of People with Each Score
Percentile by Number Answered
Your Score History
You have not taken this quiz